000 00420nam a22001817a 4500
003 CEME
005 20210628210259.0
008 210216b xxu||||| |||| 00| 0 eng d
020 _a969-0-01276-2
040 _c.
082 _a891.4393 MAS
100 _aMasood Mufti
_99766
245 _aHum nafas
260 _aLAHORE
_bFEROZE SONS
_c1996
300 _a215P
650 _aURDU ADAB-NOVEL
_920918
942 _cBK
_2ddc
999 _c583900
_d583900